Clubs vainqueurs de la D1 féminine - Statistiques

Statistiques générales
  • Ce quiz a été pris 82 fois
  • Le résultat moyen est 24 sur 47
Statistiques - réponses
Hint Réponse % Correct
2006-2007 Olympique lyonnais
99%
2007-2008 Olympique lyonnais
99%
2008-2009 Olympique lyonnais
99%
2009-2010 Olympique lyonnais
99%
2010-2011 Olympique lyonnais
99%
2011-2012 Olympique lyonnais
99%
2012-2013 Olympique lyonnais
99%
2013-2014 Olympique lyonnais
99%
2014-2015 Olympique lyonnais
99%
2015-2016 Olympique lyonnais
99%
2016-2017 Olympique lyonnais
99%
2017-2018 Olympique lyonnais
99%
2018-2019 Olympique lyonnais
99%
2019-2020 Olympique lyonnais
99%
2020-2021 Paris Saint-Germain
99%
1991-1992 FCF Juvisy / Paris FC
59%
1993-1994 FCF Juvisy / Paris FC
59%
1995-1996 FCF Juvisy / Paris FC
59%
1996-1997 FCF Juvisy / Paris FC
59%
2002-2003 FCF Juvisy / Paris FC
59%
2005-2006 FCF Juvisy / Paris FC
59%
2003-2004 Montpellier HSC
54%
2004-2005 Montpellier HSC
54%
1998-1999 Toulouse OAC / Toulouse FC
32%
1999-2000 Toulouse OAC / Toulouse FC
32%
2000-2001 Toulouse OAC / Toulouse FC
32%
2001-2002 Toulouse OAC / Toulouse FC
32%
1974-1975 Stade de Reims
31%
1975-1976 Stade de Reims
31%
1976-1977 Stade de Reims
31%
1979-1980 Stade de Reims
31%
1981-1982 Stade de Reims
31%
1983-1984 ASJ Soyaux
22%
1988-1989 Saint-Brieuc SC / EA Guingamp
19%
1982-1983 VGA Saint-Maur
9%
1984-1985 VGA Saint-Maur
9%
1985-1986 VGA Saint-Maur
9%
1986-1987 VGA Saint-Maur
9%
1987-1988 VGA Saint-Maur
9%
1989-1990 VGA Saint-Maur
9%
1990-1991 FC Lyon
8%
1992-1993 FC Lyon
8%
1994-1995 FC Lyon
8%
1997-1998 FC Lyon
8%
1977-1978 AS Étrœungt
5%
1978-1979 AS Étrœungt
5%
1980-1981 AS Étrœungt
5%
Aucun quiz correspondant
Distribution des résultats
% des personnes avec chaque résultat
Percentile par nombre de réponses
Votre historique - résultats
Vous n’avez pas pris ce quiz